Centers of pedagogy : new structures for educational renewal Volume 2 V.2

Zapisane w:
Opis bibliograficzny
1. autor: Patterson, Robert S
Format: Książka
Wydane: Jossey-Bass 1999
Etykiety: Dodaj etykietę
Nie ma etykietki, Dołącz pierwszą etykiete!
Thư viện lưu trữ: Mạng thư viện Đại học Đà Nẵng
LEADER 00632nam a2200229 a 4500
001 000029827
003 17674
005 20171030145630.0
008 171030s1999
040 |a LTT 
082 0 |a 370.71  |b PA-R 
100 1 |a Patterson, Robert S 
245 0 0 |a Centers of pedagogy : new structures for educational renewal Volume 2  |c Robert S. Patterson, Nicholas M. Michelli, Arturo Pacheco.  |n V.2 
260 |b Jossey-Bass  |c 1999 
500 |a ASIA 
OWN |a LTT 
999 |a From the UDN01 
TYP |a Monograph 
TYP |a Printed language 
980 |a Mạng thư viện Đại học Đà Nẵng